| 000 | 00833cam a2200265 a 4500 | ||
|---|---|---|---|
| 005 | 20260322212004.0 | ||
| 008 | data | ||
| 010 | _a 97032143 | ||
| 020 | _a188260668X (hbk.) | ||
| 020 | _a1882606280 (pbk.) | ||
| 020 | _a9781882606283 (pbk.) | ||
| 020 | _a9781882606689 (hbk.) | ||
| 040 |
_aDLC _cDLC _dDLC |
||
| 050 | 0 | 0 |
_aRA784 _b.D64 1998 |
| 082 | 0 | 0 |
_a613.2 _221 |
| 092 | _a613.2 D64 1998 | ||
| 245 | 0 | 0 |
_aEat better, feel better : _ba visual directory of foods and the nutrients they contain, plus a unique section on combating common ailments . _cedited by Mary Deirdre Donovan. |
| 260 |
_aAllentown, PA : _bPeople's Medical Society, _c1998. |
||
| 300 |
_a160 p. : _bcol. ill. ; _c28 cm. |
||
| 500 | _aIncludes index. | ||
| 650 | 0 | _aNutrition. | |
| 650 | 0 | _aHealth. | |
| 700 | 1 |
_aDonovan, Mary Deirdre, _d1955- |
|
| 001 | data | ||
| 999 |
_c48 _d48 |
||